| 000 | 01431cam a22003258i 4500 | ||
|---|---|---|---|
| 001 | 20173068 | ||
| 003 | EG-ScBUE | ||
| 005 | 20240612142354.0 | ||
| 008 | 171208s2019 enka f b 001 0 eng d | ||
| 020 | _a9781138106598 (pbk) | ||
| 040 |
_aDLC _beng _erda _cDLC _dEG-ScBUE |
||
| 082 | 0 | 4 |
_a617.1027 _222 _bNOR |
| 100 | 1 |
_aNorris, Christopher M., _eauthor. |
|
| 245 | 1 | 0 |
_aSports and soft tissue injuries : _ba guide for students and therapists / _cChristopher M. Norris. |
| 250 | _aFifth edition. | ||
| 264 | 1 |
_aMilton Park, Abingdon, Oxon ; _aNew York, NY : _bRoutledge, _c2019. |
|
| 300 |
_axx, 657 pages : _bcolor illustrations ; _c28 cm |
||
| 336 |
_atext _btxt _2rdacontent |
||
| 337 |
_aunmediated _bn _2rdamedia |
||
| 338 |
_avolume _bnc _2rdacarrier |
||
| 500 | _aRevised edition of: Managing sports injuries : a guide for students and clinicians. 4th ed. Edinburgh : Churchill Livingstone/Elsevier, 2011. | ||
| 504 | _aIncludes bibliographical references and index. | ||
| 650 | 7 |
_aSports injuries. _2BUEsh |
|
| 653 |
_cJune2024 _bPT |
||
| 655 | _vReading book | ||
| 776 | 0 | 8 |
_iOnline version: _aNorris, Christopher M., author. _tSports and soft tissue injuries _bFifth edition. _dMilton Park, Abingdon, Oxon ; New York, NY : Routledge, 2018 _z9781315101521 _w(DLC) 2017059738 |
| 906 |
_a7 _bcbc _corignew _d1 _eecip _f20 _gy-gencatlg |
||
| 942 |
_2ddc _cBB |
||
| 999 |
_c30773 _d30744 |
||